| 000 | 00803nam a2200193 a 4500 | ||
|---|---|---|---|
| 008 | 120416s1983 ||||||||||||||||| || u | ||
| 020 | _a0070328021 | ||
| 050 | _aNA 1996 Jon | ||
| 100 | _aJones, Gerre L., 1926- | ||
| 245 | 1 | 0 | _aHow to market professional design services. (2nd ed.) |
| 250 | _a2nd ed. | ||
| 260 |
_aNew York : _bMcGraw-Hill _c1983 |
||
| 300 | _axi, 338 pages : illustrations | ||
| 350 | _a0.00 | ||
| 650 | _aDESIGN | ||
| 650 | _aENGINEERING SERVICES MARKETING | ||
| 995 |
_aANNEX COLLECTION (Main Library) _D0.00 _e712300 _FCBU-MAIN LIBRARY (Kitwe) _H1 _I27.50 _jNA 1996 Jon _M1 _UAVAILABLE _y010160 _ZAnnex Low-Usage Collection |
||
| 995 |
_aANNEX COLLECTION (Main Library) _D0.00 _e712085 _FCBU-MAIN LIBRARY (Kitwe) _H2 _I27.50 _jNA 1996 Jon _M2 _UAVAILABLE _y010161 _ZAnnex Low-Usage Collection |
||
| 999 |
_c76381 _d76381 |
||